000 03798nam a2200493 4500
001 OTLid0000129
003 MnU
005 20201105133259.0
006 m o d s
008 180907s2012 mnu o 0 0 eng d
020 _a
040 _aMnU
_beng
_cMnU
050 4 _aHF5001
050 4 _aKF385.A4
050 4 _aK3154
050 4 _aK623
050 4 _aK3400
050 4 _aKB3790
050 4 _aK7265
100 1 _aMayer, Don
_eauthor
245 0 0 _aFoundations of Business Law and Legal Environment
_cDon Mayer
264 2 _bOpen Textbook Library
264 1 _bSaylor Foundation
300 _a1 online resource
490 0 _aOpen textbook library.
505 0 _aChapter 1: Introduction to Law and Legal Systems -- Chapter 2: Corporate Social Responsibility and Business Ethics -- Chapter 3: Courts and the Legal Process -- Chapter 4: Constitutional Law and US Commerce -- Chapter 5: Administrative Law -- Chapter 6: Criminal Law -- Chapter 7: Introduction to Tort Law -- Chapter 8: Introduction to Contract Law -- Chapter 9: The Agreement -- Chapter 10: Real Assent -- Chapter 11: Consideration -- Chapter 12: Legality -- Chapter 13: Form and Meaning -- Chapter 14: Third-Party Rights -- Chapter 15: Discharge of Obligations -- Chapter 16: Remedies -- Chapter 17: Products Liability -- Chapter 18: Relationships between Principal and Agent -- Chapter 19: Liability of Principal and Agent; Termination of Agency -- Chapter 20: Partnerships: General Characteristics and Formation -- Chapter 21: Partnership Operation and Termination -- Chapter 22: Hybrid Business Forms -- Chapter 23: Corporation: General Characteristics and Formation -- Chapter 24: Legal Aspects of Corporate Finance -- Chapter 25: Corporate Powers and Management -- Chapter 26: Securities Regulation -- Chapter 27: Corporate Expansion, State and Federal Regulation of Foreign Corporations, and Corporate Dissolution -- Chapter 28: Antitrust Law -- Chapter 29: Unfair Trade Practices and the Federal Trade Commission -- Chapter 30: Employment Law -- Chapter 31: Labor-Management Relations -- Chapter 32: International Law
520 0 _aMayer, Warner, Siedel and Lieberman's Foundations of Business Law and the Legal Environment is an up-to-date textbook with comprehensive coverage of legal and regulatory issues for your introductory Legal Environment or Business Law course. The text is organized to permit instructors to tailor the materials to their particular approach. The authors take special care to engage students by relating law to everyday events with which they are already familiar with their clear, concise and readable style. Business Law and the Legal Environment provides students with context and essential concepts across a broad range of legal issues with which managers and business executives must grapple. The text provides the vocabulary and legal savvy necessary for business people to talk in an educated way to their customers, employees, suppliers, government officials - and to their own lawyers.
542 1 _fAttribution-NonCommercial-ShareAlike
546 _aIn English.
588 0 _aDescription based on online resource
650 0 _aBusiness
_vTextbooks
650 0 _aLaw
_vTextbooks
_zUnited States
650 0 _aConstitutional Law
_vTextbooks
650 0 _aCivil Law
_vTextbooks
650 0 _aAdministrative Law
_vTextbooks
650 0 _aCriminal Law
_vTextbooks
650 0 _aContract Law
_vTextbooks
710 2 _aOpen Textbook Library
_edistributor
856 4 0 _uhttps://open.umn.edu/opentextbooks/textbooks/129
_zAccess online version
999 _c19557
_d19557